Interakcie vybraných nanomateriálov s DNA sledované biosenzormi

Enregistré dans:
Détails bibliographiques
Auteur principal: Striešová, Ivana, 1990- (Auteur)
Autres auteurs: Labuda, Ján, 1949- (Directeur de thèse)
Format: Manuscrit Livre
Langue:slovaque
Sujets:
Accès en ligne:http://is.stuba.sk/zp/portal_zp.pl?podrobnosti=98243
Tags: Ajouter un tag
Pas de tags, Soyez le premier à ajouter un tag!

MARC

LEADER 00000ntm a22000003a 4500
001 stuzp46900
003 SK-STU
005 20150617230330.8
007 ta
008 150427s2015----xo-----f-mn---000-0-slo-d
040 |a STU  |b slo 
041 0 |a slo 
100 1 |a Striešová, Ivana,  |d 1990-  |u 041000  |4 aut  |U FCHPT Fakulta chemickej a potravinárskej technológie  |T FCHPT Ústav analytickej chémie  |X 68594  |U C1000  |Y 99  |7 A0000068594 
242 0 1 |a Interactions of Selected Nanomaterials with DNA Monitored by Biosensors  |y eng 
245 1 0 |a Interakcie vybraných nanomateriálov s DNA sledované biosenzormi 
650 4 |a biosenzor  |2 slo 
650 4 |a DNA  |2 slo 
650 4 |a UV-C žiarenie  |2 slo 
650 4 |a nanomateriály  |2 slo 
650 4 |a kvantové bodky  |2 slo 
650 4 |a biosensor  |2 eng 
650 4 |a DNA  |2 eng 
650 4 |a UV-C irradiation  |2 eng 
650 4 |a nanomaterials  |2 eng 
650 4 |a quantum dots  |2 eng 
700 1 |a Labuda, Ján,  |d 1949-  |4 ths  |X 3297  |7 A000003297 
856 4 |u http://is.stuba.sk/zp/portal_zp.pl?podrobnosti=98243 
SQL |a stuzp46900  |b DDP  |c SLO  |d Interakcie vybraných nanomateriálov s DNA sledované biosenzormi  |e 68594  |f Striešová, Ivana  |g 041000  |h 3297  |i Labuda, Ján  |j 20140609  |k 127  |l 04  |m http://is.stuba.sk/zp/portal_zp.pl?podrobnosti=98243